Transferové oceňovanie a cena obvyklá v zmysle zákona č. 286/1992 Zb. o daniach z príjmov
Metóda porovnateľnej nekontrolovanej ceny. Metóda porovnateľného obchodného rozpätia. Metóda zvýšenia nákladov. Metóda transakčného zisku. Metóda globálneho formálneho delenia. Praktické príklady.
Gespeichert in:
| 1. Verfasser: | |
|---|---|
| Format: | Buchkapitel |
| Sprache: | Slowakisch |
| Schlagworte: | |
| Tags: |
Keine Tags, Fügen Sie das erste Tag hinzu!
|
MARC
| LEADER | 00000naa a2200000 4500 | ||
|---|---|---|---|
| 001 | r035925 | ||
| 005 | 20230911130753.7 | ||
| 041 | 0 | |a slo | |
| 044 | |a SK | ||
| 245 | 1 | 0 | |a Transferové oceňovanie a cena obvyklá |b v zmysle zákona č. 286/1992 Zb. o daniach z príjmov |c Jana Veselská |
| 520 | |a Metóda porovnateľnej nekontrolovanej ceny. Metóda porovnateľného obchodného rozpätia. Metóda zvýšenia nákladov. Metóda transakčného zisku. Metóda globálneho formálneho delenia. Praktické príklady. | ||
| 610 | 2 | 0 | |a oceňovanie transferové |
| 610 | 2 | 0 | |a zdroje finančné |
| 610 | 2 | 0 | |a daňovníci |
| 610 | 2 | 0 | |a zdaňovanie |
| 610 | 2 | 0 | |a ceny |
| 610 | 2 | 0 | |a zisk podnikateľský |
| 610 | 2 | 0 | |a rozpätie obchodné |
| 610 | 2 | 0 | |a zákony |
| 610 | 2 | 0 | |a Slovensko |
| 610 | 2 | 0 | |a 1992 |
| 100 | 1 | |a Veselská, Jana | |